| 000 | 00483nam a2200193Ia 4500 | ||
|---|---|---|---|
| 003 | BUBTL | ||
| 008 | 151213s9999 xx 000 0 und d | ||
| 082 | _a677RAF | ||
| 100 |
_a Raz, Samuel _91103 |
||
| 245 | _aFlat Knitting Technology | ||
| 260 |
_aGermany _bC.F.Rees _cc1993 |
||
| 300 |
_a542p. _bills. _c21cm. |
||
| 650 | _aTextile | ||
| 650 | _aTextile | ||
| 700 |
_a Raz, Samuel _91104 |
||
| 856 |
_k0 _l0 _yDownload |
||
| 942 |
_2ddc _cBK |
||
| 999 |
_c4075 _d4075 |
||